• 首页
  • 本馆介绍
  • 公告通知
  • 最新文献
  • 馆藏检索
  • 电子资源
  • 读者导购
  • 参考咨询
  • 我的图书馆
  • 登录
  • 详细信息显示
  • 放入我的书架
  • 预约/预借图书
  • 作者相关作品
  • 分类相关作品
  • 丛书相关作品
  • 出版社相关作品

书目信息

  • 表格格式
  • 工作单格式
  • 卡片格式
题名:
行业特色型大学与区域经济社会发展的互动机制研究
    
 
作者: 钟秉枢, 著
分册:  
出版信息: 北京   北京体育大学出版社  2013
页数: 254页
开本: 23cm
丛书名:
单 册:
中图分类: G649.281 , F127.1
科图分类:
主题词: 高等学校--gao deng xue xiao--互动--区域发展--研究--北京市
电子资源:
ISBN: 978-7-5644-1237-1
000 01053nam0 2200277 450
001 012001002226
005 20131028100348.0
010    @a978-7-5644-1237-1@dCNY43.00
099    @aCAL 012014063777
100    @a20131210d2013 em y0chiy50 ea
101 0  @achi
102    @aCN@b110000
105    @ay a 000yy
106    @ar
200 1  @a行业特色型大学与区域经济社会发展的互动机制研究@Ahang ye te se xing da xue yu qu yu jing ji she hui fa zhan de hu dong ji zhi yan jiu@f钟秉枢等著
210    @a北京@c北京体育大学出版社@d2013
215    @a254页@d23cm
300    @a北京市与中央在京高校共建项目
320    @a有书目
330    @a本书在简要介绍行业特色型大学、区域社会发展和互动机制理论等内容基础上, 重点展现了北京地区行业特色型大学与区域社会在政治、经济、文化、科技、教育等领域形成的互动成果。
606 0  @a高等学校@Agao deng xue xiao@x互动@x区域发展@x研究@y北京市
690    @aG649.281@v5
690    @aF127.1@v5
701  0 @a钟秉枢,@Azhong bing shu@f1959-@4著
801  2 @aCN@b江苏凤凰@c20191020
905    @b1228433-6@dG649.281@e1381@f4
    
    行业特色型大学与区域经济社会发展的互动机制研究/钟秉枢等著.-北京:北京体育大学出版社,2013
    254页;23cm
    北京市与中央在京高校共建项目
    
    ISBN 978-7-5644-1237-1:CNY43.00
    本书在简要介绍行业特色型大学、区域社会发展和互动机制理论等内容基础上, 重点展现了北京地区行业特色型大学与区域社会在政治、经济、文化、科技、教育等领域形成的互动成果。
●
相关链接 在E读中查询图书 在五车中查询图书 在当当中查询图书 在豆瓣中查询图书


正题名:行业特色型大学与区域经济社会发展的互动机制研究     索取号:G649.281/1381         预约/预借

序号 登录号 条形码 馆藏地/架位号 状态 备注
1 1228433   212284339   第一样本阅览室/ [索取号:G649.281/1381] 在馆    
2 1228434   212284348   教育系资料室/ [索取号:G649.281/1381] 在馆    
3 1228435   212284357   教育系资料室/ [索取号:G649.281/1381] 在馆    
4 1228436   212284366   第四借阅区/ [索取号:G649.281/1381] 在馆    
唐山师范学院图书馆 欢迎您!
大连网信软件有限公司© 版权所有